000 00445nam a2200181Ia 4500
008 230524s9999 xx 000 0 und d
020 _a81265041
082 _bGOO
100 _aJames Goodwill
_942688
245 0 _aProfessional Jakarta Struts 1.1
250 _a1
260 _aNew Delhi
_bWiley India
_c2012
300 _a419p;
500 _aQuantity Number: 1
650 _aComp-Sc
700 _aRichard Hightower
_942689
942 _cBK
999 _c57679
_d57679